LEADER 01549nam 2200349z- 450 001 9910689694403321 005 20030414075557.0 035 $a(CKB)5860000000030642 035 $a(BIP)008676400 035 $a(EXLCZ)995860000000030642 100 $a20220406c2003uuuu -u- - 101 0 $aeng 200 10$aOversight on medical privacy $ehearing before the Committee on Health, Education, Labor, and Pensions, United States Senate, One Hundred Seventh Congress, second session, on examining medical privacy issues, focusing on the standards for privacy of individually identifiable health information (private rule), and the proposed modification to those standards, published by the Department of Health and Human Services, April 16, 2002 215 $a1 online resource (iii, 76 p.) 311 $a0-16-069576-7 517 $aOversight on medical privacy 606 $aMedical records$xLaw and legislation$zUnited States 606 $aMedical records$xAccess control$zUnited States 606 $aPrivacy, Right of$zUnited States 610 $aMedical records 610 $aPrivacy, right of 610 $aMedical laws and legislation 610 $aMedical 610 $aLaw 615 0$aMedical records$xLaw and legislation 615 0$aMedical records$xAccess control 615 0$aPrivacy, Right of 712 02$aUnited States, Congress Senate Committee on Health, Education, Labor, and Pensions Staff,$4oth 906 $aBOOK 912 $a9910689694403321 996 $aOversight on medical privacy$93133131 997 $aUNINA